| 000 | 01265nam a22003737a 4500 | ||
|---|---|---|---|
| 001 | BR0705705 | ||
| 003 | BR-BrBNA | ||
| 005 | 20230928102547.0 | ||
| 007 | ta | ||
| 008 | 230509b bl.||||| |||| 00| 0 por d | ||
| 040 |
_aBR-BrBNA _bpor _cBiblioteca Nacional de Agricultura |
||
| 041 | _a(Eng, Spa, Por) | ||
| 072 | _aQ03 | ||
| 090 | _ Q03 BR0705705 | ||
| 110 | 1 | _aMinistério da Agricultura, Pecuária e Abastecimento, Brasília, DF (Brasil) | |
| 245 | 1 | _aPlano Nacional de Controle de Resíduos e Contaminantes; sanidade e qualidade total de alimentos de origem vegetal produzidos no Brasil; safety and total quality of plant products produced in Brazil; inocuidad y calidad total de los alimentos de origem vegetal producidos en Brasil | |
| 260 | 3 |
_aBrasília, DF (Brasil): _c2007. |
|
| 300 | _a16 p. | ||
| 650 | _aALIMENTO VEGETAL | ||
| 650 | _aNUTRIÇÃO HUMANA | ||
| 650 | _aCONTROLE DE QUALIDADE | ||
| 650 | _aDEFESA VEGETAL | ||
| 650 | _aSEGURANÇA ALIMENTAR | ||
| 650 | _aBIOSSEGURANÇA | ||
| 650 | _aCONTROLE BIOLÓGICO | ||
| 650 | _aRASTREAMENTO | ||
| 650 | _aPRODUTIVIDADE | ||
| 650 | _aOFERTA | ||
| 650 | _aCONSUMO | ||
| 650 | _aRESÍDUO | ||
| 650 | _aAGROTÓXICO | ||
| 909 |
_a202309 _bLucia _c55 _dLucia Elande |
||
| 942 | _cBK | ||
| 999 |
_c71412 _d71412 |
||